书目信息 |
| 题名: |
体育教材教法
|
|
| 作者: | 王礼龙 编 | |
| 分册: | ||
| 出版信息: | 北京 高等教育出版社 1989.9 |
|
| 页数: | 496页 | |
| 开本: | 20cm | |
| 丛书名: | ||
| 单 册: | ||
| 中图分类: | G812.54 , G633.96 | |
| 科图分类: | ||
| 主题词: | 教育--各级 , 体育-教学法--高等师范教育--教材 , 教学法-体育--高等师范教育--教材 | |
| 电子资源: | ||
| ISBN: | 7-04-002426-8 | |
| 000 | 00808nam 2200265 45 | |
| 001 | 0190005847 | |
| 005 | 20070618143158.75 | |
| 010 | @a7-04-002426-8@dCNY3.95 | |
| 100 | @a19901114d1989 em y0chiy0121 ea | |
| 101 | 0 | @achi |
| 102 | @aCN@b110000 | |
| 105 | @af z 000yy | |
| 200 | 10 | @a体育教材教法@ATI YU JIAO CAI JIAO FA@f王礼龙等编@FWANG LI LONG DENG BIAN |
| 210 | @a北京@c高等教育出版社@d1989.9 | |
| 215 | @a496页@d20cm | |
| 300 | @a封面、书脊主编者原题:罗希尧 | |
| 540 | 1 | @a体育 教材 教法@ATI YU JIAO CAI JIAO FA |
| 606 | 0 | @a教育@x各级 |
| 606 | @a体育-教学法@x高等师范教育@x教材 | |
| 606 | @a教学法-体育@x高等师范教育@x教材 | |
| 690 | @aG812.54@v3 | |
| 690 | @aG633.96@v3 | |
| 701 | 0 | @a王礼龙@AWANG LI LONG@4编 |
| 801 | 0 | @aCN@bNLC@c20070618 |
| 905 | @dG633.96@e24@f5@b224019-023 | |
| 体育教材教法/王礼龙等编.-北京:高等教育出版社,1989.9 |
| 496页;20cm |
| 封面、书脊主编者原题:罗希尧 |
| ISBN 7-04-002426-8:CNY3.95 |
| ● |
| 相关链接 |
|
|
|
|
正题名:体育教材教法
索取号:G633.96/24
 
预约/预借
| 序号 | 登录号 | 条形码 | 馆藏地/架位号 | 状态 | 备注 |
| 1 | 0224019 | 000259393 | 密集书库/ [索取号:G633.96/24] | 在馆 | |
| 2 | 0224020 | 000259400 | 密集书库/ [索取号:G633.96/24] | 在馆 | |
| 3 | 0224021 | 000259446 | 密集书库/ [索取号:G633.96/24] | 在馆 | |
| 4 | 0224022 | 000056557 | 密集书库/ [索取号:G633.96/24] | 在馆 | |
| 5 | 0224023 | 000259428 | 密集书库/ [索取号:G633.96/24] | 在馆 | |
| 6 | 0225732 | 001872977 | 密集书库/ [索取号:G633.96/24] | 在馆 | |
| 7 | 0225733 | 000259437 | 密集书库/ [索取号:G633.96/24] | 在馆 | |
| 8 | 0225734 | 000259384 | 第一样本阅览室/ [索取号:G633.96/24] | 在馆 | |
| 9 | 0515942 | 205159424 | 密集书库/ [索取号:G633.96/24] | 在馆 | |
| 10 | 0515943 | 205159433 | 密集书库/ [索取号:G633.96/24] | 在馆 | |
| 11 | 0515944 | 205159442 | 密集书库/ [索取号:G633.96/24] | 在馆 | |
| 12 | 0515945 | 205159451 | 密集书库/ [索取号:G633.96/24] | 在馆 | |
| 13 | 0515946 | 205159460 | 密集书库/ [索取号:G633.96/24] | 在馆 | |
| 14 | 0515947 | 205159479 | 密集书库/ [索取号:G633.96/24] | 在馆 | |
| 15 | 0515948 | 205159488 | 密集书库/ [索取号:G633.96/24] | 在馆 | |
| 16 | 0515949 | 205159497 | 密集书库/ [索取号:G633.96/24] | 在馆 | |
| 17 | 0515950 | 205159503 | 密集书库/ [索取号:G633.96/24] | 在馆 | |
| 18 | 0515951 | 205159512 | 密集书库/ [索取号:G633.96/24] | 在馆 | |
| 19 | 0515952 | 205159521 | 密集书库/ [索取号:G633.96/24] | 在馆 | |
| 20 | 0515953 | 205159530 | 密集书库/ [索取号:G633.96/24] | 在馆 | |
| 21 | 0515954 | 205159549 | 密集书库/ [索取号:G633.96/24] | 在馆 | |
| 22 | 0515955 | 205159558 | 密集书库/ [索取号:G633.96/24] | 在馆 | |
| 23 | 0515956 | 205159567 | 密集书库/ [索取号:G633.96/24] | 在馆 | |
| 24 | 0515957 | 205159576 | 密集书库/ [索取号:G633.96/24] | 在馆 | |
| 25 | 0515958 | 205159585 | 密集书库/ [索取号:G633.96/24] | 在馆 | |
| 26 | 0654915 | 206549154 | 库房3/ [索取号:G633.96/24] | 在馆 |